Guess The Random Brand Logo - Statistics

General Stats
  • This quiz has been taken 91 times
  • The average score is 6 of 13
Answer Stats
Picture Answer % Correct
Youtube
99%
Target
93%
Dove
86%
Panda Express
80%
Converse
68%
Lululemon
59%
Shein
54%
Drunk Elephant
25%
Cuties
13%
Wizarding World
9%
HuHot
6%
Academy
4%
Ashley Homestore
3%
No matching quizzes found
Score Distribution
Percent of People with Each Score
Percentile by Number Answered
Your Score History
You have not taken this quiz